| 000 | 00385nam a2200145Ia 4500 | ||
|---|---|---|---|
| 008 | 240624s9999 xx 000 0 und d | ||
| 041 | _aeng | ||
| 082 | _a658.802 KIM | ||
| 100 | _aKIM W CHAN | ||
| 245 | _aBLUE OCEAN STRATEGY HOW TO CREATE UNCONT | ||
| 250 | _a(Expanded Edition ed.) | ||
| 260 |
_c2015 _aBoston _bHarvard Business Review Press |
||
| 300 | _a256 : p. | ||
| 365 |
_c _b25 |
||
| 999 |
_c24176 _d24176 |
||